00415nam a2200157Ia 4500008004100000041000800041082001700049100001400066245004100080260004000121300000800161500003200169500002800201650001400229700001400243230125s9999 xx 000 0 und d aeng a352.002bKHU aKhutwad M aGrampanchayatiche daptar ani dakhale c1997bIndian Institute of Education a32p aPanchayati raj,Marathi book aEducation;Grampanchayat aEducation aKhutwad M